000
00294nam a2200133Ia 4500
100
_a
Anderson D/ Sweeney/D.J
942
_c
BK
245
_a
Quantitative methods for business
260
_b
Cengage Learning
_a
Mumbai
_c
2006
082
_b
AND
300
_a
822
546
_a
ENGLISH
999
_c
35083
_d
35083